| 000 | 00798nam a22002417a 4500 | ||
|---|---|---|---|
| 999 |
_c20827 _d20827 |
||
| 003 | AR-CdUCM | ||
| 008 | 190311b ||||| |||| 00| 0 spa d | ||
| 040 |
_aMUNICIPALIDAD PROVINCIAL DEL CUSCO _cBIBLIOTECA MUNICIPAL DEL CUSCO |
||
| 082 |
_a869.56 / _bC31 |
||
| 100 |
_aCarrillo, Francisco _916973 |
||
| 245 | _aEn busca del tema poético / | ||
| 260 |
_aLima : _bIcaro, _c1960 |
||
| 300 |
_a16 páginas ; _c19 cm. |
||
| 500 | _aCon dedicatoria al poeta Gustavo Perez Ocampo. | ||
| 505 | _aContenido: Poemas | ||
| 650 |
_aPoesía peruana - Siglo XX _914083 |
||
| 650 |
_aPoetas peruanos _91611 |
||
| 650 |
_aLiteratura peruana _9169 |
||
| 650 |
_aFrancisco Carrillo - Poemas _915093 |
||
| 700 |
_aRatto, Luis Alberto y Sologuren, Javier _943502 |
||
| 942 |
_2ddc _cLIBROS |
||
| 945 | _aAndy | ||